000 00574nam a22002057a 4500
003 KOHA_MİRAKIL
005 20260330095239.0
008 260330b tu ||||| |||| 00| 0 tur d
040 _aTR-AnABB
_btur
_cTR-AnABB
041 _atur
082 _a811.42
_bAYD 1999
100 1 _aAydın, Aydın
245 1 0 _aAydınlık :
_bkırık yılın şiirleri /
_cAydın Aydın
246 _aAydınlık
260 _aAnkara :
_b[yayl. y.] ,
_c1999
300 _a50 sayfa ;
_c19 cm
500 _aYazar imzalı
650 0 4 _aTürk edebiyatı, şiir
942 _2ddc
_cBK
999 _c10068
_d10068
900 _bCan ÇELIK